| 000 | 00508cam a2200205ua 4500 | ||
|---|---|---|---|
| 020 | _c22.00 | ||
| 041 |
_aeng _h |
||
| 082 |
_a530 _bWEB/CO |
||
| 100 | _aWeber, Robert.L . | ||
| 245 |
_aCollege physics / _cL Robert Weber. _hTextual Documents |
||
| 250 |
_a3 / _b. |
||
| 260 |
_aNew York : _bMcGraw Hill Book Company , _c1952. |
||
| 300 | _a640 ; . | ||
| 365 | _a22.00 | ||
| 504 | _a | ||
| 700 | 1 | _aMannring, Kenneth.V . | |
| 700 | 1 | _aWhite, Marsh.W . | |
| 942 | _cBK | ||
| 999 |
_c2194 _d2194 |
||